<?xml version="1.0" encoding="UTF-8"?><?xml-stylesheet type="text/xsl" href="static/style.xsl"?><OAI-PMH xmlns="http://www.openarchives.org/OAI/2.0/" xmlns:xsi="http://www.w3.org/2001/XMLSchema-instance" xsi:schemaLocation="http://www.openarchives.org/OAI/2.0/ http://www.openarchives.org/OAI/2.0/OAI-PMH.xsd"><responseDate>2026-04-17T12:49:18Z</responseDate><request verb="GetRecord" identifier="oai:www.recercat.cat:2072/486133" metadataPrefix="marc">https://recercat.cat/oai/request</request><GetRecord><record><header><identifier>oai:recercat.cat:2072/486133</identifier><datestamp>2025-08-31T18:29:15Z</datestamp><setSpec>com_2072_98</setSpec><setSpec>col_2072_378192</setSpec></header><metadata><record xmlns="http://www.loc.gov/MARC21/slim" xmlns:dcterms="http://purl.org/dc/terms/" xmlns:xsi="http://www.w3.org/2001/XMLSchema-instance" xmlns:doc="http://www.lyncode.com/xoai" xsi:schemaLocation="http://www.loc.gov/MARC21/slim http://www.loc.gov/standards/marcxml/schema/MARC21slim.xsd">
   <leader>00925njm 22002777a 4500</leader>
   <datafield ind2=" " ind1=" " tag="042">
      <subfield code="a">dc</subfield>
   </datafield>
   <datafield ind2=" " ind1=" " tag="720">
      <subfield code="a">Beltrán García, Susana</subfield>
      <subfield code="e">author</subfield>
   </datafield>
   <datafield ind2=" " ind1=" " tag="260">
      <subfield code="c">2025</subfield>
   </datafield>
   <datafield ind2=" " ind1=" " tag="520">
      <subfield code="a">En los sistemas de inteligencia artificial (IA), la exigencia de transparencia es fundamental para que los usuarios comprendan que están actuando con este tipo de tecnología y conozcan sus riesgos. Sin embargo, el Reglamento Europeo de Inteligencia Artificial no define explícitamente qué es transparencia, lo que ya ocasiona incertidumbre sobre su contenido, alcance e implementación. En efecto, a pesar de los esfuerzos del legislador europeo por regular la IA de manera que se preserven los derechos de las personas, piedra angular en toda esta materia, persisten dudas sobre cómo aplicar la transparencia de forma que contribuya efectivamente a dicha protección. En este artículo se abordan los problemas de carácter normativo y técnico que surgen por la falta de concreción del concepto de transparencia en los sistemas de IA, así como la necesidad de clarificar su aplicación. En este sentido, la Unión Europea tiene ante sí una oportunidad para delimitar los contornos jurídicos de la transparencia y contribuir, a través de sus reglas, a la gobernanza mundial de la IA.</subfield>
   </datafield>
   <datafield ind2=" " ind1=" " tag="520">
      <subfield code="a">En els sistemes d'intel·ligència artificial (IA), l'exigència de transparència és fonamental perquè els usuaris comprenguin que estan interactuant amb aquest tipus de tecnologia i en coneguin els riscos. Tanmateix, el Reglament Europeu d'Intel·ligència Artificial no defineix explícitament què s'entén per transparència, cosa que ja genera incertesa sobre el seu contingut, abast i implementació. En efecte, malgrat els esforços del legislador europeu per regular la IA de manera que es preservin els drets de les persones -pedra angular en tota aquesta matèria-, persisteixen dubtes sobre com aplicar la transparència de manera que contribueixi efectivament a aquesta protecció. En aquest article s'aborden els problemes de caràcter normatiu i tècnic que sorgeixen per la manca de concreció del concepte de transparència en els sistemes d'IA, així com la necessitat de clarificar-ne l'aplicació. En aquest sentit, la Unió Europea té al davant una oportunitat per delimitar els contorns jurídics de la transparència i contribuir, a través de les seves normes, a la governança mundial de la IA.</subfield>
   </datafield>
   <datafield ind2=" " ind1=" " tag="520">
      <subfield code="a">In artificial intelligence (AI) systems, the demand for transparency is essential for users to understand that they are interacting with this type of technology and to be aware of its risks. However, the Artificial Intelligence Act does not explicitly define what transparency means, which already creates uncertainty regarding its content, scope, and implementation. Indeed, despite the efforts of the European legislator to regulate AI in a way that safeguards individuals' rights - a cornerstone of this entire field - doubts remain about how to apply transparency in a manner that effectively contributes to such protection. This article addresses the normative and technical challenges that arise from the lack of clarity surrounding the concept of transparency in AI systems, as well as the need to clarify its application. In this regard, the European Union faces an opportunity to define the legal contours of transparency and to contribute, through its rules, to the global governance of AI.</subfield>
   </datafield>
   <datafield ind2=" " ind1=" " tag="520">
      <subfield code="a">Cet article aborde la régulation légale de la transparence dans les systèmes d'intelligence artificielle en Europe. Il met en évidence les progrès réglementaires ainsi que les problèmes et les incertitudes dans un domaine encore à explorer.</subfield>
   </datafield>
   <datafield ind1="8" ind2=" " tag="024">
      <subfield code="a">http://hdl.handle.net/2072/486133</subfield>
   </datafield>
   <datafield tag="653" ind2=" " ind1=" ">
      <subfield code="a">Transparencia</subfield>
   </datafield>
   <datafield tag="653" ind2=" " ind1=" ">
      <subfield code="a">Inteligencia artificial</subfield>
   </datafield>
   <datafield tag="653" ind2=" " ind1=" ">
      <subfield code="a">Rendición de cuentas</subfield>
   </datafield>
   <datafield tag="653" ind2=" " ind1=" ">
      <subfield code="a">Reglamento europeo de inteligencia artificial</subfield>
   </datafield>
   <datafield tag="653" ind2=" " ind1=" ">
      <subfield code="a">Trazabilidad</subfield>
   </datafield>
   <datafield tag="653" ind2=" " ind1=" ">
      <subfield code="a">Explicabilidad</subfield>
   </datafield>
   <datafield tag="653" ind2=" " ind1=" ">
      <subfield code="a">Transparency</subfield>
   </datafield>
   <datafield tag="653" ind2=" " ind1=" ">
      <subfield code="a">Artificial intelligence</subfield>
   </datafield>
   <datafield tag="653" ind2=" " ind1=" ">
      <subfield code="a">Accountability</subfield>
   </datafield>
   <datafield tag="653" ind2=" " ind1=" ">
      <subfield code="a">Artificial intelligence act</subfield>
   </datafield>
   <datafield tag="653" ind2=" " ind1=" ">
      <subfield code="a">Traceability</subfield>
   </datafield>
   <datafield tag="653" ind2=" " ind1=" ">
      <subfield code="a">Explainability</subfield>
   </datafield>
   <datafield tag="653" ind2=" " ind1=" ">
      <subfield code="a">Transparència</subfield>
   </datafield>
   <datafield tag="653" ind2=" " ind1=" ">
      <subfield code="a">Intel·ligència artificial</subfield>
   </datafield>
   <datafield tag="653" ind2=" " ind1=" ">
      <subfield code="a">Rendició de comptes</subfield>
   </datafield>
   <datafield tag="653" ind2=" " ind1=" ">
      <subfield code="a">Reglament europeu d'intel·ligència artificial</subfield>
   </datafield>
   <datafield tag="653" ind2=" " ind1=" ">
      <subfield code="a">Traçabilitat</subfield>
   </datafield>
   <datafield tag="653" ind2=" " ind1=" ">
      <subfield code="a">Explicabilitat</subfield>
   </datafield>
   <datafield ind2="0" ind1="0" tag="245">
      <subfield code="a">Transparencia e inteligencia artificial en Europa : una relación normativa incierta</subfield>
   </datafield>
</record></metadata></record></GetRecord></OAI-PMH>